Tilastot visalle Yleistieto #6

Klikkaa tästä pelataksesi tätä visaa!

Yleistilastot

  • Tätä visaa on pelattu 1 524 kertaa
    (1 401 viimeisimmän päivityksen jälkeen)
  • Keskiarvotulos 8 / 15

Vastaustilastot

VinkkiVastaus% Oikein
Mikä on Euroopan pienin valtio?Vatikaanivaltio
95%
Kuka oli Suomen presidentti vuosina 1994-2000?Martti Ahtisaari
87%
Kenen hitti on "Umbrella"?Rihannan
79%
Kuka suunnitteli Finlandia-talon?Alvar Aalto
78%
Mitkä ovat Israelin viralliset kielet?Arabia
71%
Mikä Afrikan maa alkaa D-kirjaimella?Djibouti
64%
Heprea
58%
Mistä kaupungista Yö-yhtye on kotoisin?Porista
55%
Mikä on Uruguayn pääkaupunki?Montevideo
46%
Mitä ovat leukosyytit?Veren valkosoluja
45%
Kuka sanoi nukkuvansa yllään vain Chanel °5 hajuvettä?Marilyn Monroe
37%
Mikä on Iso-Britannian toiseksi suurin kaupunki?Birmingham
35%
Kuka esittää 'Carrieta' Sinkkuelämää sarjassa?Sarah Jessica Parker
29%
Kuka on kirjoittanut "Hiiriä ja Ihmisiä"?John Steinbeck
15%
Kuka on säveltänyt "Sevillan Parturin"?Gioachino Rossini
6%

Tulosjakauma

Persentiili vastausten määrän mukaan

Jokaisen tuloksen saaneiden osuus

Tuloshistoriasi

Et ole pelannut tätä visaa sen viimeisimmän päivityksen jälkeen